| 000 | 02661njm0a2200505 4500 | ||
|---|---|---|---|
| 001 | RU\NLR\ONIZ\304185 | ||
| 005 | 20250708194150.0 | ||
| 035 | _a(NLR Aleph) 022230609 | ||
| 071 | 0 | 0 | _aМ10-40961-2 |
| 090 |
_a13285903 _c13285903 |
||
| 100 | _a20240509g19 |||y0rusy50 ca | ||
| 102 | _aRU | ||
| 126 |
_aabaxexu ux _bxxx |
||
| 127 | _a003800 | ||
| 135 | _ahonoannnanndn | ||
| 200 | 1 |
_aДомашняя симфония _bЗвукозапись _eсоч. 53 _fР. Штраус _gисполняют: соло на скрипке: Эрих Рён, Берлинский филармонический оркестр, дирижер Вильгельм Фуртвенглер |
|
| 203 |
_aМузыка _bисполнительская _cаудио |
||
| 210 |
_aМосква _cМелодия _d[19--] _gЗавод грампластинок _eАпрелевка |
||
| 215 |
_a1 грп. [ГОСТ 5289-73] (38 мин) : 33 об/мин, моно _d30 см, в конв |
||
| 300 | _aАрх. запись | ||
| 325 | _aКопия доступна в электронной библиотеке РНБ | ||
| 606 | 1 |
_aСимфонии для симфонического оркестра немецкие _z19-20 вв. _jЗвукозапись _2nlr_sh |
|
| 606 | 1 |
_aСкрипачи немецкие _z20-21 вв. _jЗвукозапись _2nlr_sh |
|
| 606 | 1 |
_aОркестры симфонические зарубежные _yГермания _z20 век _jЗвукозапись _2nlr_sh |
|
| 686 | 0 | _aЩ951.1-040(4Г) | |
| 700 | 1 |
_9z01790 _aШтраус _bР. _f1864-1949 _gРихард _4230 _7ca |
|
| 702 | 1 |
_9z03790 _aФуртвенглер _bВ. _f1886-1954 _gВильгельм _4250 _7ca |
|
| 702 | 1 |
_9z04790 _aРён _bЭ. _cскрипка _f1910-1985 _gЭрих _4590 _4svl _7ca |
|
| 712 | 0 | 2 |
_aБерлинский филармонический оркестр _4590 _7ca |
| 790 | 1 |
_9z01700 _aStrauss _bR. _f1864-1949 _gRichard _4230 _7ba |
|
| 790 | 1 |
_9z03702 _aFurtwängler _bW. _f1886-1954 _gWilhelm _4250 _7ba |
|
| 790 | 1 |
_9z04702 _aRöhn _bE. _cvioline _f1910-1985 _gErich _4590 _4svl _7ba |
|
| 801 | 0 |
_aRU _bNLR _c20240509 _gPSBO |
|
| 801 | 1 |
_aRU _bNLR _c20240509 _2rusmarc |
|
| 852 |
_aNLR _bМг _j3/9010 _p41196 _t1 |
||
| 856 | 0 | _uhttps://vivaldi.nlr.ru/mk000001238/view | |
| 856 | 1 | _uhttps://vivaldi.nlr.ru/mk000001238/cover | |
| 856 | 2 | _uhttps://vivaldi.nlr.ru/mk000001238/text | |
| 942 | _cREC | ||
| 980 | _aNB | ||
| 980 | _aONIZ | ||
| 981 | 2 | 4 |
_a(24) Нотные издания и аудиозаписи _b(24) Грампластинки |